Countries That Start With B - Statistics

General Stats
  • This quiz has been taken 36 times
    33 since last reset
  • The average score is 14 of 17
Answer Stats
Continent Answer % Correct
Europe Belgium
96%
Europe Belarus
93%
Africa Botswana
93%
South America Bolivia
89%
South America Brazil
89%
North America Bahamas
85%
North America Barbados
85%
North America Belize
85%
Asia Bhutan
85%
Asia Brunei
85%
Asia Bahrain
78%
Asia Bangladesh
78%
Africa Benin
78%
Europe Bosnia and Herzegovina
74%
Europe Bulgaria
70%
Africa Burundi
70%
Africa Burkina Faso
63%
No matching quizzes found
Score Distribution
Percent of People with Each Score
Percentile by Number Answered
Your Score History
You have not taken this quiz since the last reset